000 00696nam a2200205 i 4500
001 57481
003 ES-MaACL
005 20250905123707.0
007 t|
008 031016s1946 sp ||||1| spa d
100 1 _aDroysen, Johann Gustav.
_945670
245 1 0 _aAlejandro Magno /
_cJ.G. droysen ; versión del alemán por Wenceslao Roces.
250 _a[1ª ed. en español].
260 _aMéxico :
_bFondo de Cultura Económica,
_c[1946] (
_fGráf. Panamericana)
300 _aX, 481 p., 1 lám. 1 map. :
_bretr. aut. ;
_c24 cm.
600 0 4 _aAlejandro Magno.
_9125603
700 1 _aRoces, Wenceslao,
_d1897-1992
_998039
852 _aES-MaACL
_jD-7151
_bR.30415
999 _c57481
_d57481